000 00297nam a2200133Ia 4500
005 20251222155112.0
008 251222s9999||||xx |||||||||||||| ||spa||
082 _aING. 03
100 _aAUSTIN, David.
245 0 _aEnglish For Nurses
250 _a1ra. ed.
264 _bLenyman
942 _cLIB
999 _c38079
_d38079